The Employee state instunce act-1948 (Record no. 3023)

MARC details
000 -LEADER
fixed length control field 00337nam a22001457a 4500
005 - DATE AND TIME OF LATEST TRANSACTION
control field 20160617170425.0
008 - FIXED-LENGTH DATA ELEMENTS--GENERAL INFORMATION
fixed length control field 160617b xxu||||| |||| 00| 0 eng d
041 ## - LANGUAGE CODE
Language code of text/sound track or separate title eng
082 ## - DEWEY DECIMAL CLASSIFICATION NUMBER
Item number 8054
245 ## - TITLE STATEMENT
Title The Employee state instunce act-1948
260 ## - PUBLICATION, DISTRIBUTION, ETC. (IMPRINT)
Name of publisher Commercial Law
Year of publication 2010
300 ## - PHYSICAL DESCRIPTION
Number of Pages 184
650 ## - SUBJECT ADDED ENTRY--TOPICAL TERM
Topical Term Management
942 ## - ADDED ENTRY ELEMENTS (KOHA)
Koha item type Books
Holdings
Lost status Damaged status Collection code Home library Current library Shelving location Date acquired Cost, normal purchase price Full call number Accession Number Koha item type
    LAW JRU Library   SHELF-31-C 17/06/2016 125.00 8054 8054 Books